00832nam a22001697a 4500003000900000008004100009040007100050082001800121100002000139245011900159260003600278300004400314505022500358650001300583650002700596710003900623AR-CdUCM190516b ||||| |||| 00| 0 spa d aMUNICIPALIDAD PROVINCIAL DEL CUSCOcBIBLIOTECA MUNICIPAL DEL CUSCO a651.84 /bH44 aHertz, David B. aNuevas técnicas para la dirección de empresas :bciencias de la administración y sistemas de computación / aMéxico, D.F :bLimusa,c1972. a242 páginas ;bIlustraciones,c24 cm. aContenido: El porque dela ciencia de la administración -- Nuevas herramientas para la toma de decisiones -- Sistemas de información para la dirección -- Planeación de la estrategia empresarial de largo alcance... aEmpresas aProcesamiento de datos aCentro regional de ayuda técnica